| 000 | 00758nam a22002297a 4500 | ||
|---|---|---|---|
| 003 | Nust | ||
| 005 | 20241212095333.0 | ||
| 008 | 170216b xxu||||| |||| 00| 0 eng d | ||
| 040 | _cNust-MCE | ||
| 082 | _a200 | ||
| 100 |
_aOmair _950758 |
||
| 245 |
_aSeismic damage assessment & retrofit of hybrid structures/ _cOmair |
||
| 260 |
_aRisalpur _bMCE _c2014 |
||
| 300 | _axv, 166, p. | ||
| 526 | _aMS-Construction Engineering and Management | ||
| 590 | _6http://10.250.8.41:8080/xmlui/handle/123456789/11827 | ||
| 650 |
_aMCE _9379 |
||
| 651 |
_xMS-Construction Engineering and Management _9127086 |
||
| 700 |
_aSupervisor: Lt. Col Dr. Syed Hassan Farooq _9127087 |
||
| 856 | _uhttp://10.250.8.41:8080/xmlui/handle/123456789/11827 | ||
| 942 |
_cSC _2ddc |
||
| 999 |
_c232189 _d232189 |
||